Церемониальная часть МИДв

Описи
RUSMARC
00006839cmc1a2200229 x 450
0011beca410-31e9-4f28-916a-592ca9443f69
00520260122134757.0
100##$a20161124l16901917k l0rusy0189 ca
1010#$arus
102##$aRU
1222#$ad1690######
$ad1917######
2001#$aЦеремониальная часть МИДв
$j1690-1917 гг.
215##$a4436 единиц хранения
251##$a3 описи
$cФонд
330##$aС 1722 года придворными торжествами и церемониями занимались особые чиновники: надворный церемониймейстер, затем обер-церемониймейстер и церемониймейстер. 3 апреля 1744 года при Коллегии иностранных дел образована особая часть для заведывания церемониальными делами при приеме иностранных послов, которая неоднократно меняла наименования: Церемониальные дела (1744-1779); Церемониальный департамент (1779-1796); Церемониальные дела (1796-1806); Департамент церемониальных дел (1806-1846); Экспедиция церемониальных дел (1846-1902); Церемониальная часть (1902-1918). Подчинялась: Коллегии иностранных дел (1744-1796); Придворной его императорского величества конторе (1796-1802); Министерству иностранных дел (1802-1846); состояла при Особой канцелярии Министерства иностранных дел (1846-1858); с 1858 года входила в состав Министерства императорского двора (1858-1917); бывшее Министерство императорского двора (в марте-октябре 1917 года бывшего Министерства императорского двора, с 28 октября 1917 года по 6 января 1918 года - в Комиссариат имуществ республики). Занималась устройством и наблюдением за порядком исполнения придворных церемоний, торжеств, балов, спектаклей, обедов и прочего; составлением, печатанием, переводом на французский язык и рассылкой церемониалов и этикетов придворных торжеств и празднеств; сношением с дипломатическим корпусом по вопросу о приеме и отпуске иностранных дипломатов, а также находившихся в России иностранных подданных; наблюдала за соблюдением этикета при приеме и отпуске иностранных дипломатов, представляла их императору, императрице и членам императорской фамилии; вела и печатала именной список дипломатического корпуса и приглашала особ дипломатического корпуса на придворные торжества и празднества; вела список налагаемых при Дворе трауров и другого; разрабатывала возникавшие на практике вопросы о применении правил придворного этикета, о порядке проведения различных придворных церемоний; вела дела по части обер-камергера, то есть все дела представлений императору (с 1883 года), дела верховного церемониймейстера при короновании императора (1883 год). Упразднена 6 января 1918 года
371##$aДокумент не является опубликованным и широко распространяемым
71001$aРоссия
$bЭкспедиция церемониальных дел
$3RU\NLR\AUTH\889931288
801#0$aRU
$bРГИА
$c20161124
801#1$aRU
$bГлавНИВЦ
$c20161124
$2rusmarc
801#2$aRU
$bПБ им. Б.Н. Ельцина
$c20241125
$gRCR
$2rusmarc
850##$aФедеральное казенное учреждение "Российский государственный исторический архив"
852##$aРГИА
$j473
937##$hРГИА
$d9083764
$aASBIBLIO_SCAN
035##$aRusGRCC00081093
856##$uhttp://readingroom.main.prlib.ru/item.aspx?id_node=n195028551&mode=full
327##$aВ фонде представлены: Приказы и переписка по Коллегии иностранных дел и МИДв об организации и деятельности Экспедиции церемониальных дел и Церемониальной части; распоряжения и переписка об устройстве придворных церемоний, торжеств, балов, спектаклей; о крещении, бракосочетании и погребении членов императорской фамилии; о коронации императоров и императриц, присягах вел. князей; об аудиенциях членам дипломатического корпуса, иностранным коронованным лицам и др., о представлениях разных лиц членам императорской фамилии; о закладке и освещении церквей и открытии памятников; церемониалы празднеств в связи с победами русской армии и празднованием юбилеев: 200 летия основания Петербурга, 200 летия Полтавской битвы, 50 летия отмены крепостного права, 100 летия Отечественной войны 1812 г., 300 летия царствования дома Романовых; личные дела чиновников. 1690–1887 гг. (оп. 1); за 1888–1916 гг. (оп. 2); за 1719–1917 гг. (оп. 3)
300##$aСокращенное наименование фонда: Церемониальная часть
300##$aНазвание фонда также: Церемониальная часть Министерства императорского двора
5171#$aЦеремониальная часть Министерства императорского двора
60101$2prlib_sh
$3LIBNET\UAF\0000108302
$aРоссия
$bЭкспедиция церемониальных дел
$jАрхивные фонды
$xИстория
686##$a63.3(2)52-33л63
$bLBC/M
$vrubbk
Формат отображения